000 00691nam a2200289Ia 4500
005 20260324115010.0
008 008 260324s9999 xx 000 0 eng d
020 _a9781041057505
037 _aEBOOK
040 _aCRL
040 _beng
040 _cCRL
041 _2eng
041 _aeng
084 _qCRL
100 _aMichael Power
_91152975
245 4 _aThe Head of Year’s Handbook
245 0 _bDriving Student Well-being and Engagement
260 _bTaylor and Francis
260 _c2020
365 _a
365 _b89.99
856 _uhttp://www.taylorfrancis.com/books/9781041057505
942 _cEBOOK
999 _c1743509
_d1743509